| 000 | 00937cam a2200325Mi 4500 | ||
|---|---|---|---|
| 999 |
_c5060 _d5060 |
||
| 001 | 382749260 | ||
| 003 | OCoLC | ||
| 005 | 20181219184156.0 | ||
| 008 | 090610t19781977nyu b 001 0 eng d | ||
| 020 | _a0809120151 | ||
| 020 | _a9780809120154 | ||
| 035 | _a(OCoLC)382749260 | ||
| 040 |
_aCUV _beng _cCUV _dOCLCQ _dCIRBC |
||
| 082 |
_a261.85 _bS568R |
||
| 092 | 0 |
_a261.95 _bS5687 |
|
| 100 | 1 | _aSider, Ronald J. | |
| 245 | 1 | 0 |
_aRich Christians in an age of hunger / _cRonald J. Sider. |
| 260 |
_aNew York : _bPaulist Press, _c1978, ©1977. |
||
| 300 |
_a249, [5] pages ; _c21 cm |
||
| 336 |
_atext _btxt _2rdacontent |
||
| 337 |
_aunmediated _bn _2rdamedia |
||
| 338 |
_avolume _bnc _2rdacarrier |
||
| 500 | _aIncludes indexes. | ||
| 504 | _aIncludes bibliographical references (pages 245-249). | ||
| 650 | 0 | _aEconomics in the Bible. | |
| 650 | 0 | _aHunger. | |
| 650 | 0 | _aFood supply. | |
| 650 | 0 | _aSimplicity. | |
| 942 |
_2ddc _cBK |
||